[Event "OGD Prinsenstad-toernooi - A groep"]
[Site "Delft"]
[Date "2008.01.05"]
[Round "3.7"]
[White "Van den Bergh, Jan"]
[Black "Coene, Igor"]
[Result "0-1"]
[WhiteElo "2103"]
[BlackElo "2155"]
[PlyCount "56"]
[EventDate "2008.01.04"]
[EventType "swiss"]
[EventRounds "6"]
[EventCountry "NED"]
[Source "DSC"]
[SourceDate "2008.04.25"]

1. Nf3 d5 2. b3 c5 3. c4 Nf6 4. Bb2 d4 5. b4 Bf5 6. bxc5 Nc6 7. g3 e5 8. d3 Nd7
9. Bg2 Nxc5 10. O-O Bd6 11. Ne1 O-O 12. e4 dxe3 13. fxe3 Qb6 14. Bc1 Bg6 15.
Nc3 Nb4 16. Nd5 Nxd5 17. Bxd5 Rad8 18. Rf2 Be7 19. Ba3 Bg5 20. Rb1 Qa5 21. Bb4
Qc7 22. Qe2 Qb6 23. h4 Nxd3 24. Nxd3 Bxe3 25. Rb2 Bxd3 26. Bxf8 Bxe2 27. Rxb6
axb6 28. Bxf7+ Kxf8 0-1

[Event "OGD Prinsenstad-toernooi - A groep"]
[Site "Delft"]
[Date "2008.01.05"]
[Round "3.8"]
[White "Van Putten, Henk"]
[Black "Meulenbroek, Kim"]
[Result "1/2-1/2"]
[WhiteElo "2247"]
[BlackElo "2038"]
[PlyCount "95"]
[EventDate "2008.01.04"]
[EventType "swiss"]
[EventRounds "6"]
[EventCountry "NED"]
[Source "DSC"]
[SourceDate "2008.04.25"]

1. e4 c5 2. Nc3 Nc6 3. g3 g6 4. Bg2 Bg7 5. d3 d6 6. Be3 e5 7. Qd2 Nge7 8. Bh6
O-O 9. Bxg7 Kxg7 10. f4 f6 11. Nf3 Bg4 12. O-O Bxf3 13. Rxf3 Nd4 14. Rf2 b5 15.
Raf1 b4 16. Nd1 a5 17. Ne3 Qc7 18. c3 Ndc6 19. Bh3 Rae8 20. Be6 Nd8 21. Bc4 Qd7
22. Kg2 Ne6 23. f5 Nc7 24. Ng4 g5 25. h4 h6 26. Nxh6 gxh4 27. Ng4 Rh8 28. Be6
Qd8 29. Rf3 h3+ 30. Kh2 Ng8 31. Bxg8 Rexg8 32. d4 cxd4 33. cxd4 Nb5 34. dxe5
dxe5 35. Rd3 Nd4 36. Ne3 Qc8 37. Nd5 Qb7 38. Rxd4 exd4 39. Qxd4 Qc6 40. Qa7+
Kh6 41. Qe3+ Kh7 42. Rc1 Qd6 43. Qf3 Rg5 44. Rc7+ Kh6 45. Rb7 Qe5 46. Qf2 Rc8
47. Qf4 Qxf4 48. gxf4 1/2-1/2

[Event "OGD Prinsenstad-toernooi - A groep"]
[Site "Delft"]
[Date "2008.01.05"]
[Round "3.9"]
[White "Nicholson, John"]
[Black "Legemaat, Gert"]
[Result "0-1"]
[WhiteElo "2183"]
[BlackElo "2203"]
[PlyCount "68"]
[EventDate "2008.01.04"]
[EventType "swiss"]
[EventRounds "6"]
[EventCountry "NED"]
[Source "DSC"]
[SourceDate "2008.04.25"]

1. e4 Nc6 2. Nf3 d6 3. d4 Nf6 4. Nc3 Bg4 5. Bb5 a6 6. Bxc6+ bxc6 7. h3 Bd7 8.
Qe2 e6 9. Bg5 h6 10. Bh4 Be7 11. O-O-O Qb8 12. Nd2 Nd5 13. exd5 Bxh4 14. dxe6
Bxe6 15. Qe4 Qd8 16. Qxc6+ Kf8 17. Qf3 Rb8 18. g3 Be7 19. d5 Bd7 20. h4 Qc8 21.
Qd3 Qb7 22. Nb3 a5 23. a4 Qb4 24. Rhe1 Bf6 25. Re4 Qb6 26. Rc4 g6 27. h5 Bf5
28. Ne4 Kg7 29. hxg6 Bxg6 30. f4 Rhe8 31. g4 Bxe4 32. Rxe4 Rxe4 33. Qxe4 Qf2
34. Kb1 Rxb3 0-1

[Event "OGD Prinsenstad-toernooi - A groep"]
[Site "Delft"]
[Date "2008.01.05"]
[Round "3.19"]
[White "Van der Lende, Ilias"]
[Black "Schröer, Marcel"]
[Result "1-0"]
[WhiteElo "2018"]
[BlackElo "2014"]
[PlyCount "79"]
[EventDate "2008.01.04"]
[EventType "swiss"]
[EventRounds "6"]
[EventCountry "NED"]
[Source "DSC"]
[SourceDate "2008.04.25"]

1. e4 e5 2. Nf3 Nc6 3. d4 exd4 4. Bc4 Nf6 5. e5 d5 6. Bb5 Ne4 7. Nxd4 Bc5 8.
O-O O-O 9. Bxc6 bxc6 10. f3 Ng5 11. Kh1 Bd7 12. f4 Ne4 13. Nc3 Nxc3 14. bxc3
Qe7 15. Nb3 Bb6 16. a4 a5 17. Ba3 c5 18. Qxd5 Rfd8 19. Bxc5 Qe8 20. Qc4 Be6 21.
Qe2 Bxb3 22. Bxb6 Bxa4 23. Bd4 Bc6 24. Qg4 a4 25. e6 Rxd4 26. exf7+ Qxf7 27.
cxd4 a3 28. Rfe1 Bd5 29. Qg5 h6 30. Qe5 a2 31. h3 c6 32. Qd6 Qf5 33. Re3 Qxc2
34. Rg3 Qb1+ 35. Kh2 Qxa1 36. Qe5 g5 37. fxg5 h5 38. g6 Qd1 39. Qe7 Qxd4 40.
Qh7+ 1-0

[Event "OGD Prinsenstad-toernooi - A groep"]
[Site "Delft"]
[Date "2008.01.05"]
[Round "3.21"]
[White "Van Overdam, Julian"]
[Black "Sparreboom, Wil"]
[Result "1-0"]
[WhiteElo "1923"]
[BlackElo "1909"]
[PlyCount "57"]
[EventDate "2008.01.04"]
[EventType "swiss"]
[EventRounds "6"]
[EventCountry "NED"]
[Source "DSC"]
[SourceDate "2008.04.25"]

1. e4 e6 2. d4 d5 3. Nc3 Nf6 4. Bd3 c5 5. dxc5 dxe4 6. Bb5+ Bd7 7. Be3 Nc6 8.
Nge2 Qa5 9. a3 a6 10. b4 Qc7 11. Bc4 Ng4 12. Bf4 Qc8 13. Nxe4 Nf6 14. N2c3 b6
15. Nxf6+ gxf6 16. Na4 bxc5 17. Nb6 Qb7 18. Nxa8 Qxa8 19. c3 cxb4 20. axb4 Nxb4
21. O-O Qe4 22. Qd4 Qxd4 23. cxd4 Bg7 24. Bd6 Bf8 25. Bxf8 Kxf8 26. Rfb1 Nc2
27. Rxa6 Kg7 28. Ra7 Rc8 29. Bd3 1-0

[Event "OGD Prinsenstad-toernooi - A groep"]
[Site "Delft"]
[Date "2008.01.05"]
[Round "4.1"]
[White "Reinderman, Dimitri"]
[Black "Li, Shilong"]
[Result "1/2-1/2"]
[WhiteElo "2506"]
[BlackElo "2484"]
[Annotator "Prinsenstad-toernooi"]
[PlyCount "87"]
[EventDate "2008.01.04"]
[EventType "swiss"]
[EventRounds "6"]
[EventCountry "NED"]
[Source "DSC"]
[SourceDate "2008.04.25"]

1. c4 Nf6 2. Nc3 g6 3. e4 d6 4. d4 Bg7 5. Nf3 O-O 6. Be2 e5 7. O-O Nc6 8. d5
Ne7 9. Ne1 Nd7 10. Be3 f5 11. f3 f4 12. Bf2 g5 13. a4 a5 14. Nd3 b6 15. Be1 Nf6
16. Nf2 h5 17. h3 Rf7 18. Nb5 Bf8 19. b4 axb4 20. Bxb4 Ba6 21. Qd2 Nc8 22. Ra3
Nd7 23. Rfa1 Kh7 24. Nc3 Nb8 25. a5 c5 26. dxc6 Nxc6 27. Nd5 Rfa7 28. axb6 Nxb6
29. Ba5 Nxa5 30. Qxa5 Bc8 31. Qxa7+ Rxa7 32. Rxa7+ Kg6 {Diagram #} 33. Rb1 (33.
c5 $1 Nxd5 (33... dxc5 34. Nxb6 Qxb6 35. R1a6 Bxa6 36. Rxa6 Qxa6 37. Bxa6 $18)
34. exd5 dxc5 35. Bd3+ e4 (35... Kf6 $2 36. Ne4+ Kg6 37. Nd6+ e4 38. Bxe4+ Kf6
39. Nxc8 Qxc8 40. Ra8 Qd7 41. R1a7 Qd6 42. Ra6 $18) 36. Bxe4+ Kf6 37. Ra8 Qc7
38. R1a7 Qb6 (38... Qd8 39. Ra6+ Bd6 40. Rc6) 39. Rxc8 Qxa7 40. Rxf8+ $18) (33.
Bd3 g4 34. Rb1 Nxd5 35. exd5+ Bf5 36. Bxf5+ Kxf5 37. hxg4+ (37. Rf7+ Kg6 38.
Rbb7) 37... hxg4 38. Nxg4) 33... Nxd5 34. cxd5 Bd7 35. Rab7 (35. Rbb7 Be8 36.
Nd3 Qc8 (36... Kh6 37. Nc5 $1 dxc5 38. Ra6+ Bd6 39. Rbb6 Kg7 40. Rxd6 Qb8 41.
Rdb6 Qc7 42. Bb5 Bf7 (42... Bxb5 43. Rxb5)) 37. Nxe5+ Kf6 $18) 35... Bc8 36.
Rb8 Qc7 37. R8b6 Qa7 38. Kf1 Be7 39. Rc6 Bd7 40. Ra6 Qd4 41. Rab6 g4 42. R6b4
Qe3 43. Nd1 Qd2 44. R4b2 1/2-1/2

[Event "OGD Prinsenstad-toernooi - A groep"]
[Site "Delft"]
[Date "2008.01.05"]
[Round "4.2"]
[White "Van Dongen, Cor"]
[Black "Van den Doel, Erik"]
[Result "0-1"]
[WhiteElo "2308"]
[BlackElo "2584"]
[Annotator "Prinsenstad-toernooi"]
[PlyCount "46"]
[EventDate "2008.01.04"]
[EventType "swiss"]
[EventRounds "6"]
[EventCountry "NED"]
[Source "DSC"]
[SourceDate "2008.04.25"]

1. d4 Nf6 2. Bg5 d5 3. Bxf6 gxf6 4. e3 c5 5. c3 Nc6 6. Ne2 Qb6 7. Qb3 c4 8. Qc2
Bf5 9. Qc1 e5 10. Ng3 Bg6 11. Nd2 h5 12. h4 Bh6 13. Be2 f5 14. Nxh5 O-O-O 15.
dxe5 Bxh5 16. Bxh5 Nxe5 17. Be2 f4 18. exf4 Nd3+ 19. Bxd3 cxd3 20. O-O Bxf4 21.
Qd1 Rxh4 22. Nf3 Rh1+ 23. Kxh1 Qh6+ (23... Qh6+ 24. Kg1 Rh8 25. -- Qh1#) 0-1

[Event "OGD Prinsenstad-toernooi - A groep"]
[Site "Delft"]
[Date "2008.01.06"]
[Round "4.3"]
[White "Coene, Igor"]
[Black "Van Oosterom, Chiel"]
[Result "0-1"]
[WhiteElo "2155"]
[BlackElo "2393"]
[PlyCount "77"]
[EventDate "2008.01.04"]
[EventType "swiss"]
[EventRounds "6"]
[EventCountry "NED"]
[Source "DSC"]
[SourceDate "2008.04.25"]

1. c4 f5 2. g3 Nf6 3. Bg2 g6 4. Nc3 Bg7 5. Nh3 O-O 6. O-O e5 7. d3 d6 8. e4 Nc6
9. f4 fxe4 10. dxe4 Nd4 11. Kh1 Be6 12. Qd3 Nd7 13. Ng5 Nc5 14. Nxe6 Nxd3 15.
Nxd8 Raxd8 16. f5 c6 17. Bg5 Rde8 18. Rad1 Nxb2 19. Rb1 Nxc4 20. Rxb7 Rf7 21.
Rfb1 Nb6 22. Rxf7 Kxf7 23. a4 Bf6 24. Be3 Re7 25. g4 g5 26. Bf1 Rc7 27. a5 Nd7
28. Bc4+ Ke7 29. Na4 Nc2 30. Bc1 Kd8 31. Kg2 h6 32. Kf2 Be7 33. Be6 Nd4 34. Be3
Nb5 35. h4 Nf6 36. Kf3 gxh4 37. Nc3 d5 38. exd5 e4+ 39. Nxe4 0-1

[Event "OGD Prinsenstad-toernooi - A groep"]
[Site "Delft"]
[Date "2008.01.05"]
[Round "4.3"]
[White "Legemaat, Gert"]
[Black "Wantola, Ivo"]
[Result "1/2-1/2"]
[WhiteElo "2203"]
[BlackElo "2219"]
[PlyCount "69"]
[EventDate "2008.01.04"]
[EventType "swiss"]
[EventRounds "6"]
[EventCountry "NED"]
[Source "DSC"]
[SourceDate "2008.04.25"]

1. e4 c5 2. Nc3 Nc6 3. Bc4 g6 4. a3 Bg7 5. d3 a6 6. Nf3 Nf6 7. Bg5 O-O 8. Qd2
b5 9. Ba2 Bb7 10. Bh6 Nd4 11. Nxd4 cxd4 12. Ne2 e5 13. Bxg7 Kxg7 14. f3 d5 15.
Ng3 dxe4 16. dxe4 Nd7 17. h4 h6 18. Rh3 Nc5 19. O-O-O Bc8 20. Rdh1 Be6 21. Bxe6
Nxe6 22. Ne2 Qc7 23. Kb1 Rfd8 24. h5 g5 25. Nc1 a5 26. g3 b4 27. a4 Rac8 28.
Nd3 Nc5 29. Nxc5 Qxc5 30. f4 f6 31. Rf1 d3 32. cxd3 Qc6 33. fxe5 Qxa4 34. Qf2
Kg8 35. Qxf6 1/2-1/2

[Event "OGD Prinsenstad-toernooi - A groep"]
[Site "Delft"]
[Date "2008.01.05"]
[Round "4.4"]
[White "Vlam, Hora"]
[Black "Van Loenen, Daniël"]
[Result "1-0"]
[WhiteElo "2005"]
[BlackElo "2076"]
[PlyCount "83"]
[EventDate "2008.01.04"]
[EventType "swiss"]
[EventRounds "6"]
[EventCountry "NED"]
[Source "DSC"]
[SourceDate "2008.04.25"]

1. c4 Nf6 2. Nc3 e6 3. e4 c5 4. e5 Ng8 5. Nf3 Nc6 6. d4 cxd4 7. Nxd4 Bc5 8. Nf3
d6 9. exd6 Qxd6 10. Qxd6 Bxd6 11. Ne4 Be7 12. Bf4 f6 13. O-O-O e5 14. Be3 Bf5
15. Nd6+ Bxd6 16. Rxd6 Rd8 17. Rxd8+ Kxd8 18. Be2 Nge7 19. Nd2 g5 20. f3 Nd4
21. Bxd4 exd4 22. Nb3 Nc6 23. Nxd4 Nxd4 24. Rd1 Ke7 25. Rxd4 Rc8 26. b3 h5 27.
Bd3 Be6 28. Kd2 Rd8 29. Rxd8 Kxd8 30. Ke3 Kd7 31. Kd4 b6 32. b4 Kc6 33. a3 Kd6
34. c5+ bxc5+ 35. bxc5+ Kc6 36. Bc2 Bc8 37. Ba4+ Kc7 38. Ke4 Be6 39. f4 Bc8 40.
fxg5 fxg5 41. Ke5 g4 42. g3 1-0

[Event "OGD Prinsenstad-toernooi - A groep"]
[Site "Delft"]
[Date "2008.01.05"]
[Round "4.6"]
[White "Bok, Benjamin"]
[Black "Van Overdam, Julian"]
[Result "0-1"]
[WhiteElo "2136"]
[BlackElo "1923"]
[PlyCount "108"]
[EventDate "2008.01.04"]
[EventType "swiss"]
[EventRounds "6"]
[EventCountry "NED"]
[Source "DSC"]
[SourceDate "2008.04.25"]

1. e4 c5 2. Nf3 g6 3. d4 cxd4 4. Nxd4 Nc6 5. Bc4 Nf6 6. Nc3 d6 7. Be2 Nxd4 8.
Qxd4 Bg7 9. O-O O-O 10. Bg5 Be6 11. f3 Nd5 12. Qd2 Nxc3 13. bxc3 Rc8 14. Rab1
b6 15. Rb4 Rc5 16. Be3 Rc7 17. Bd4 Qc8 18. Bxg7 Kxg7 19. Qd4+ f6 20. Rfb1 Qd7
21. f4 Rc5 22. Rb5 Rfc8 23. Rxc5 Rxc5 24. Rb5 Rc7 25. Rb4 Rc6 26. e5 dxe5 27.
fxe5 f5 28. Rb1 Qc7 29. Bf1 Kg8 30. Rd1 Bc4 31. Qd7 Qxd7 32. Rxd7 Bxf1 33. Kxf1
Kf7 34. Rxa7 Rxc3 35. -- Rxc2 36. Rb7 Rc6 37. Rb8 Ke6 38. Rh8 h5 39. Re8 Rc1+
40. Kf2 Rc2+ 41. Kf3 Rxa2 42. Rg8 Kf7 43. Rb8 Rb2 44. h3 b5 45. Rb6 b4 46. g3
b3 47. Kf4 Rb1 48. Kg5 b2 49. e6+ Kg7 50. g4 hxg4 51. Rb7 Rg1 52. Rxb2 gxh3+
53. Kh4 Rg2 54. Rb4 h2 0-1

[Event "OGD Prinsenstad-toernooi - A groep"]
[Site "Delft"]
[Date "2008.01.05"]
[Round "4.8"]
[White "Drozdowski, Kacper"]
[Black "Barendse, Ted"]
[Result "1-0"]
[WhiteElo "2156"]
[BlackElo "2122"]
[PlyCount "177"]
[EventDate "2008.01.04"]
[EventType "swiss"]
[EventRounds "6"]
[EventCountry "NED"]
[Source "DSC"]
[SourceDate "2008.04.25"]

1. e4 e5 2. f4 exf4 3. Nf3 g5 4. d4 d6 5. Bc4 Bg7 6. O-O h6 7. c3 Ne7 8. Nbd2
O-O 9. Nb3 Nbc6 10. Bd2 Bg4 11. Qe2 Ng6 12. Qf2 Kh8 13. Rae1 Qd7 14. h3 Bh5 15.
Nh2 Rae8 16. Bd3 a6 17. Nc1 Nce7 18. g4 fxg3 19. Qxg3 Nh4 20. Bxg5 hxg5 21.
Qxg5 Qxh3 22. Qxh5+ Kg8 23. Qg4 Qxg4+ 24. Nxg4 Nhg6 25. Ne2 c5 26. Nf6+ Bxf6
27. Rxf6 cxd4 28. cxd4 d5 29. e5 Kg7 30. Ref1 Nc6 31. Bb1 Ngxe5 32. dxe5 Rxe5
33. Ng3 Rg5 34. Kg2 Nd4 35. Bd3 Ne6 36. R6f3 Nd4 37. Rf4 Ne6 38. Rf5 Rxf5 39.
Nxf5+ Kf6 40. Nd4+ Ke5 41. Nxe6 Rg8+ 42. Ng7 Rxg7+ 43. Kf3 f5 44. Re1+ Kf6 45.
Ke3 Rg4 46. Rf1 d4+ 47. Ke2 Rg5 48. Be4 b6 49. Bb7 Ke5 50. Bxa6 Rg2+ 51. Rf2
Rg1 52. Bd3 f4 53. Rh2 Rg5 54. a4 Kd5 55. b4 Re5+ 56. Kd2 f3 57. Rf2 Re3 58. a5
bxa5 59. bxa5 Kc5 60. a6 Kb6 61. Rh2 Re7 62. Rh3 Rf7 63. Ke1 f2+ 64. Kf1 Kc5
65. Rh5+ Kb4 66. Rf5 Ra7 67. Kxf2 Kc3 68. Rf3 Kd2 69. Bf1 Kc2 70. Ke1 Kb2 71.
Rd3 Rd7 72. Kd2 Rd6 73. Rg3 Rc6 74. Bd3 Rc1 75. Rg4 Ra1 76. Rxd4 Kb3 77. Bb5
Ra5 78. Bd3 Ra2+ 79. Ke3 Kc3 80. Rf4 Ra5 81. Rg4 Re5+ 82. Re4 Ra5 83. Re6 Kb3
84. Kd4 Ra4+ 85. Kc5 Kc3 86. Bb5 Ra1 87. Kb6 Kd4 88. a7 Kd5 89. Rh6 1-0

[Event "OGD Prinsenstad-toernooi - A groep"]
[Site "Delft"]
[Date "2008.01.06"]
[Round "4.9"]
[White "Op den Kelder, Joram"]
[Black "Meng, Roger"]
[Result "1-0"]
[WhiteElo "2243"]
[BlackElo "1955"]
[PlyCount "71"]
[EventDate "2008.01.04"]
[EventType "swiss"]
[EventRounds "6"]
[EventCountry "NED"]
[Source "DSC"]
[SourceDate "2008.04.25"]

1. e4 c5 2. Nf3 d6 3. d4 cxd4 4. Nxd4 Nf6 5. Nc3 g6 6. Be3 Bg7 7. f3 Nc6 8. Qd2
O-O 9. O-O-O d5 10. exd5 Nxd5 11. Nxc6 bxc6 12. Bd4 e5 13. Bc5 Be6 14. Ne4 Re8
15. Bc4 Qc7 16. h4 Nf4 17. Bd6 Qc8 18. Bxe6 Qxe6 19. Kb1 h6 20. Nc5 Qc4 21.
Rhe1 Red8 22. b3 Qb5 23. a4 Qb6 24. a5 Qb5 25. c4 Rxd6 26. cxb5 Rxd2 27. Rxd2
cxb5 28. g3 Nh5 29. g4 Nf4 30. Rd7 a6 31. Red1 Ne2 32. Rd8+ Rxd8 33. Rxd8+ Kh7
34. Nxa6 Nd4 35. Nb4 Bf6 36. Rxd4 1-0

[Event "OGD Prinsenstad-toernooi - A groep"]
[Site "Delft"]
[Date "2008.01.05"]
[Round "4.10"]
[White "Meulenbroek, Kim"]
[Black "Cupido, Alexander"]
[Result "1/2-1/2"]
[WhiteElo "2038"]
[BlackElo "2045"]
[PlyCount "68"]
[EventDate "2008.01.04"]
[EventType "swiss"]
[EventRounds "6"]
[EventCountry "NED"]
[Source "DSC"]
[SourceDate "2008.04.25"]

1. e4 e5 2. Nf3 Nc6 3. Bb5 f5 4. Nc3 fxe4 5. Nxe4 d5 6. Nxe5 dxe4 7. Nxc6 Qd5
8. c4 Qd6 9. Qh5+ g6 10. Qe5+ Qxe5 11. Nxe5+ c6 12. Ba4 Bg7 13. d4 exd3 14. Bf4
d2+ 15. Kf1 Ne7 16. Bb3 O-O 17. c5+ Nd5 18. Bg3 Be6 19. Nc4 Rae8 20. Rd1 Bh6
21. Kg1 b5 22. Nxd2 Bg4 23. f3 Re2 24. Nf1 Be6 25. Re1 Rxe1 26. Bxe1 Re8 27.
Kf2 Bg7 28. Bxd5 Bxd5 29. Bc3 Bxc3 30. bxc3 Bxa2 31. Ne3 Be6 32. Ra1 Re7 33.
Ra6 Rc7 34. Nc2 Bd5 1/2-1/2

[Event "OGD Prinsenstad-toernooi - A groep"]
[Site "Delft"]
[Date "2008.01.05"]
[Round "4.12"]
[White "Colijn, Stefan"]
[Black "Van der Lende, Ilias"]
[Result "0-1"]
[WhiteElo "2033"]
[BlackElo "2018"]
[PlyCount "90"]
[EventDate "2008.01.04"]
[EventType "swiss"]
[EventRounds "6"]
[EventCountry "NED"]
[Source "DSC"]
[SourceDate "2008.04.25"]

1. e4 e6 2. d4 d5 3. Nc3 Bb4 4. e5 c5 5. a3 Bxc3+ 6. bxc3 Qc7 7. Nf3 Ne7 8. h4
Nbc6 9. Bd3 Bd7 10. Bd2 h6 11. h5 O-O-O 12. Rh4 cxd4 13. cxd4 Na5 14. Bb4 Nf5
15. Rh3 Nc6 16. Bc5 Ncxd4 17. Nxd4 Qxc5 18. Bxf5 exf5 19. Qd2 Kb8 20. Rb1 Rc8
21. f4 Be6 22. Rb5 Qc4 23. Rhb3 Rc7 24. c3 b6 25. a4 Qxa4 26. Qb2 Qc4 27. Ra3
Rhc8 28. Rb4 Qc5 29. Rb5 Qe7 30. Rba5 Rb7 31. Rb5 Qh4+ 32. Qf2 Qxh5 33. Kd2 Qg4
34. Rb4 g5 35. Nb5 Rc5 36. Nd6 Rbc7 37. Qf1 Qg3 38. Rxb6+ axb6 39. Qa6 Qf2+ 40.
Kd1 Ra5 41. Rxa5 bxa5 42. Qb6+ Ka8 43. Qxa5+ Qa7 44. Qb5 Bd7 45. Qd3 Qg1+ 0-1

[Event "OGD Prinsenstad-toernooi - A groep"]
[Site "Delft"]
[Date "2008.01.05"]
[Round "4.14"]
[White "Buzing, Pieter"]
[Black "Oranje, Richard"]
[Result "0-1"]
[WhiteElo "2066"]
[BlackElo "2013"]
[Annotator "Prinsenstad-toernooi"]
[PlyCount "68"]
[EventDate "2008.01.04"]
[EventType "swiss"]
[EventRounds "6"]
[EventCountry "NED"]
[Source "DSC"]
[SourceDate "2008.04.25"]

1. d4 f5 2. Nf3 Nf6 3. g3 g6 4. Bg2 Bg7 5. c4 d6 6. O-O O-O 7. Nc3 Nc6 8. d5
Ne5 9. Nxe5 dxe5 10. Rb1 h6 11. b4 g5 12. c5 f4 13. b5 Bf5 14. Rb3 Qc8 15. b6
axb6 16. cxb6 cxb6 17. Ba3 fxg3 18. hxg3 Ng4 19. Bxe7 Qe8 20. e4 Qh5 21. Re1
Qh2+ 22. Kf1 Bd7 (22... Nxf2 $3 23. Qf3 (23. Kxf2 Bg4+ 24. Bxf8 Rxf8+ 25. Ke3
Bxd1) 23... Bh3 24. Bxf8 Rxf8 25. Qxf8+ Bxf8 26. Bxh3 Nxh3 27. Nd1 Bc5) 23.
Bxf8 Rxf8 24. Qd2 Nxf2 25. Qxf2 Bh3 26. Qxf8+ Bxf8 27. Bxh3 Qxh3+ 28. Ke2 Qxg3
29. Na4 Qg2+ 30. Ke3 Qxa2 31. Rxb6 Qxa4 32. Rxb7 Qa3+ 33. Kf2 Bc5+ 34. Kg2 g4
0-1

[Event "OGD Prinsenstad-toernooi - A groep"]
[Site "Delft"]
[Date "2008.01.06"]
[Round "5.1"]
[White "Van den Doel, Erik"]
[Black "Reinderman, Dimitri"]
[Result "1/2-1/2"]
[WhiteElo "2584"]
[BlackElo "2506"]
[PlyCount "54"]
[EventDate "2008.01.04"]
[EventType "swiss"]
[EventRounds "6"]
[EventCountry "NED"]
[Source "DSC"]
[SourceDate "2008.04.25"]

1. e4 c5 2. Nf3 Nc6 3. Bb5 d6 4. Bxc6+ bxc6 5. O-O e5 6. c3 Nf6 7. Re1 Be7 8.
d4 cxd4 9. cxd4 exd4 10. Nxd4 Qc7 11. Bf4 O-O 12. Na3 Qb7 13. Qb3 Qxb3 14. axb3
Bd7 15. Nc4 d5 16. exd5 Nxd5 17. Bd6 Bxd6 18. Nxd6 c5 19. Nf3 Nb6 20. Rec1 Be6
21. Rxc5 Bxb3 22. Nd4 Rfd8 23. N6b5 Ba4 24. b3 Bxb5 25. Nxb5 Rd3 26. g3 Rxb3
27. Rxa7 Rxa7 1/2-1/2

[Event "OGD Prinsenstad-toernooi - A groep"]
[Site "Delft"]
[Date "2008.01.06"]
[Round "5.2"]
[White "Li, Shilong"]
[Black "Van Oosterom, Chiel"]
[Result "1-0"]
[WhiteElo "2484"]
[BlackElo "2393"]
[PlyCount "97"]
[EventDate "2008.01.04"]
[EventType "swiss"]
[EventRounds "6"]
[EventCountry "NED"]
[Source "DSC"]
[SourceDate "2008.04.25"]

1. d4 d5 2. c4 c6 3. Nf3 e6 4. Qc2 Nf6 5. Bg5 Nbd7 6. cxd5 exd5 7. Nc3 Be7 8.
e3 O-O 9. Bd3 Re8 10. O-O Nf8 11. Rae1 g6 12. Ne5 Nh5 13. Bxe7 Rxe7 14. b4 Ng7
15. Qb3 Be6 16. Na4 f6 17. Nf3 a6 18. Nc5 Bf7 19. Qc3 Ne8 20. Nd2 Nd6 21. a3
Ne6 22. f3 Nc7 23. a4 Qe8 24. Kf2 Qf8 25. e4 Qh6 26. Kg1 Rae8 27. e5 fxe5 28.
dxe5 b6 29. Ncb3 Nc8 30. Qxc6 Qf4 31. Qc3 d4 32. Nxd4 Nd5 33. Qb2 Rxe5 34. Ne4
R5e7 35. Nc6 Rc7 36. b5 axb5 37. axb5 Rf8 38. Bc4 Nce7 39. g3 Qf5 40. Nd6 Qd7
41. Nxe7+ Nxe7 42. Bxf7+ Rxf7 43. Nxf7 Kxf7 44. Rd1 Qf5 45. Rfe1 Rc2 46. Qb3+
Kf6 47. Rd6+ Kg5 48. Qe3+ Kh5 49. g4+ 1-0

[Event "OGD Prinsenstad-toernooi - A groep"]
[Site "Delft"]
[Date "2008.01.06"]
[Round "5.3"]
[White "Dessing, Bastiaan"]
[Black "Vlam, Hora"]
[Result "0-1"]
[WhiteElo "2022"]
[BlackElo "2005"]
[PlyCount "65"]
[EventDate "2008.01.04"]
[EventType "swiss"]
[EventRounds "6"]
[EventCountry "NED"]
[Source "DSC"]
[SourceDate "2008.04.25"]

1. e4 c5 2. Nf3 Nc6 3. Bb5 g6 4. c3 Bg7 5. O-O Nf6 6. Qe2 O-O 7. d4 cxd4 8.
cxd4 d5 9. e5 Ne4 10. Bxc6 bxc6 11. Be3 Qa5 12. Rc1 Ba6 13. Qd1 Rab8 14. Nbd2
Rxb2 15. Nb3 Qa4 16. Nfd2 Nxd2 17. Bxd2 Bc4 18. Bc3 Rxa2 19. Rxa2 Qxa2 20. Na5
Rc8 21. Qg4 e6 22. Qg5 Bf8 23. f4 h6 24. Qg3 Qa3 25. Ra1 Qe7 26. Rb1 Ba6 27. h4
c5 28. h5 Kh7 29. Kh2 cxd4 30. Bxd4 Qa3 31. hxg6+ fxg6 32. Nb3 Rb8 33. Qg5 0-1

[Event "OGD Prinsenstad-toernooi - A groep"]
[Site "Delft"]
[Date "2008.01.06"]
[Round "5.4"]
[White "Wantola, Ivo"]
[Black "Van Dongen, Cor"]
[Result "0-1"]
[WhiteElo "2219"]
[BlackElo "2308"]
[PlyCount "50"]
[EventDate "2008.01.04"]
[EventType "swiss"]
[EventRounds "6"]
[EventCountry "NED"]
[Source "DSC"]
[SourceDate "2008.04.25"]

1. Nf3 Nf6 2. c4 e6 3. Nc3 Bb4 4. Qc2 O-O 5. a3 Bxc3 6. Qxc3 d6 7. b4 e5 8. Bb2
Nc6 9. g3 Bf5 10. Bg2 Qd7 11. O-O Bh3 12. d3 Nh5 13. b5 Ne7 14. d4 e4 15. Ne1
d5 16. a4 dxc4 17. Qxc4 Bxg2 18. Nxg2 Nd5 19. Ba3 Rfe8 20. Ne3 Nhf6 21. Nxd5
Nxd5 22. Qb3 Re6 23. Kh1 Rh6 24. Rg1 Qh3 25. Rg2 Nf4 0-1

[Event "OGD Prinsenstad-toernooi - A groep"]
[Site "Delft"]
[Date "2008.01.05"]
[Round "5.6"]
[White "Van Overdam, Julian"]
[Black "Coene, Igor"]
[Result "0-1"]
[WhiteElo "1923"]
[BlackElo "2155"]
[PlyCount "89"]
[EventDate "2008.01.04"]
[EventType "swiss"]
[EventRounds "6"]
[EventCountry "NED"]
[Source "DSC"]
[SourceDate "2008.04.25"]

1. e4 e5 2. Nf3 Nc6 3. Bb5 a6 4. Bxc6 dxc6 5. O-O Qf6 6. d3 Bg4 7. h3 Bxf3 8.
Qxf3 Qxf3 9. gxf3 Bd6 10. Kg2 Ne7 11. Rg1 Ng6 12. Kf1 O-O 13. Be3 f5 14. Ke2
Rf7 15. Nc3 Raf8 16. Raf1 Be7 17. Nd1 Nh4 18. Nc3 Kh8 19. a3 h6 20. f4 exf4 21.
Bd4 f3+ 22. Kd2 Re8 23. exf5 Nxf5 24. Be3 c5 25. Rg4 b6 26. b3 Bf6 27. Ne4 Be5
28. a4 Nd6 29. Nxd6 cxd6 30. c3 d5 31. d4 cxd4 32. cxd4 Bd6 33. Rc1 Rf6 34. Kd3
Bh2 35. h4 Rfe6 36. h5 Kh7 37. Rh4 Bd6 38. Rh3 Rf6 39. Rc6 Rb8 40. Kc2 Rb7 41.
Bd2 Re7 42. Be3 Rb7 43. Bd2 Kg8 44. Kb2 Kf7 45. Rh1 0-1

[Event "OGD Prinsenstad-toernooi - A groep"]
[Site "Delft"]
[Date "2008.01.06"]
[Round "5.8"]
[White "Pietrow, Andrzej"]
[Black "Legemaat, Gert"]
[Result "1-0"]
[WhiteElo "2039"]
[BlackElo "2203"]
[PlyCount "119"]
[EventDate "2008.01.04"]
[EventType "swiss"]
[EventRounds "6"]
[EventCountry "NED"]
[Source "DSC"]
[SourceDate "2008.04.25"]

1. e4 Nc6 2. Nf3 d6 3. Nc3 Bg4 4. Bb5 a6 5. Bxc6+ bxc6 6. d4 g6 7. h3 Bc8 8.
Bf4 Bg7 9. Qd2 Rb8 10. b3 h6 11. e5 g5 12. Bg3 Bf5 13. Qe2 e6 14. Ne4 Bxe4 15.
Qxe4 Ne7 16. h4 dxe5 17. Bxe5 f6 18. Bg3 Qd5 19. Qxd5 cxd5 20. hxg5 hxg5 21.
Rxh8+ Bxh8 22. c3 Kd7 23. Kd2 Nf5 24. Rh1 Bg7 25. Ne1 Nxg3 26. fxg3 Ke7 27. Nd3
Kf7 28. b4 Kg6 29. Nc5 Rb6 30. a4 e5 31. a5 Rd6 32. b5 axb5 33. a6 Rd8 34. Ne6
Ra8 35. Nxc7 Ra7 36. Ra1 Rxc7 37. a7 Rxa7 38. Rxa7 f5 39. dxe5 Bxe5 40. Rd7 d4
41. cxd4 Bxg3 42. Rb7 Bf2 43. Kd3 g4 44. Rxb5 f4 45. d5 f3 46. gxf3 g3 47. Ke2
Kf5 48. Rb1 Bc5 49. Kf1 Bd6 50. Kg2 Bf4 51. Re1 Be5 52. Re4 Bc7 53. Re8 Bd6 54.
Rg8 Ke5 55. Kxg3 Kxd5+ 56. Kg4 Ke6 57. Rg6+ Ke7 58. Rxd6 Kxd6 59. Kf5 Ke7 60.
Kg6 1-0